000 00621nam a2200193Ia 4500
005 20260114185605.0
008 008 260114s9999 xx 000 0 eng d
020 _a9781838600938
037 _aEBOOK
040 _aCRL
_beng
_cCRL
041 _aeng
_2eng
084 _qCRL
100 _aReider Payne
_9871937
245 0 _aWar and Diplomacy in the Napoleonic Era Sir Charles Stewart, Castlereagh and the Balance of Power in Europe
260 _bBloomsbury
_c2019
856 _uhttps://doi.org/10.5040/9781838600938?locatt=label:secondary_bloomsburyCollections
942 _cEBOOK
999 _c1470885
_d1470885